[Event "XVI Weekend A"]
[Site "Porto Sant'Elpidio ITA"]
[Date "2013.11.16"]
[Round "1"]
[White "Giobbi, Costantino"]
[Black "Rinaudo, Andrea"]
[WhiteElo "1846"]
[BlackElo "2079"]
[Result "0-1"]
[PlyCount "153"]
[EventDate "2013.11.16"]

1. Nf3 d5 2. d4 Nf6 3. c4 e6 4. Nc3 Be7 5. Bg5 Nbd7 6. e3 h6 7. Bh4 O-O 8. Bd3
dxc4 9. Bxc4 a6 10. O-O b5 11. Be2 c5 12. dxc5 Nxc5 13. Nd4 Bb7 14. a3 Qb6 15.
Rc1 Rfd8 16. b4 Nce4 17. Nxe4 Bxe4 18. Bf3 Qb7 19. Bg3 Rac8 20. Qb3 Bxf3 21.
Nxf3 Ne4 22. Be5 Nd2 23. Nxd2 Rxd2 24. Rxc8+ Qxc8 25. Qb1 f6 26. Rc1 Qd7 27.
Bd4 Kf7 28. h3 Qd5 29. Rc2 Qe4 30. Rc1 Qh4 31. g3 Qxh3 32. Qe4 Qh5 33. Bc5 Rd1+
34. Rxd1 Qxd1+ 35. Kh2 Qh5+ 36. Kg1 Qd1+ 37. Kh2 Qd5 38. Qc2 Bxc5 39. bxc5 Qc4
40. Qd2 Qxc5 41. Qd7+ Kg6 42. Qxe6 a5 43. f4 Qc2+ 44. Kg1 b4 45. e4 b3 46. Qe8+
Kh7 47. f5 Qc1+ 48. Kg2 Qg5 49. Qb8 Qd2+ 50. Kh3 b2 51. e5 Qg5 52. Qxb2 Qxf5+
53. g4 Qf3+ 54. Kh2 Qf4+ 55. Kh3 fxe5 56. Qc2+ e4 57. Qe2 Qf3+ 58. Qxf3 exf3
59. Kg3 Kg6 60. Kxf3 Kg5 61. Kg3 g6 62. a4 Kf6 63. Kf4 Ke6 64. Ke4 Kd6 65. Kd4
h5 66. g5 Ke6 67. Ke4 h4 68. Kf4 h3 69. Kg3 Kf5 70. Kxh3 Kxg5 71. Kg3 Kf5 72.
Kf3 Ke5 73. Kg4 Kd4 74. Kg5 Kc4 75. Kxg6 Kb4 76. Kf5 Kxa4 77. Ke5 0-1

[Event "XVI Weekend A"]
[Site "Porto Sant'Elpidio ITA"]
[Date "2013.11.16"]
[Round "1"]
[White "Iori, Massimiliano"]
[Black "Rinaudo, Claudio"]
[WhiteElo "1984"]
[BlackElo "1790"]
[Result "1-0"]
[PlyCount "95"]
[EventDate "2013.11.16"]

1. d4 Nf6 2. Bf4 e6 3. e3 c5 4. c3 Be7 5. h3 O-O 6. Nf3 b6 7. Bd3 Bb7 8. Nbd2
d6 9. O-O Nbd7 10. Qe2 cxd4 11. exd4 Re8 12. Rfe1 a6 13. Bc2 b5 14. Rad1 Nb6
15. Bg5 Bd5 16. b3 Bxf3 17. Nxf3 Rc8 18. Qd3 g6 19. Bb1 Nfd5 20. Bd2 Rc6 21.
Rc1 Qc7 22. a4 bxa4 23. c4 Nf6 24. Ba2 Rc8 25. Ba5 axb3 26. Bxb3 Qa7 27. Nd2
Bd8 28. Ra1 Ra8 29. Qf3 Rcc8 30. Rec1 Nbd7 31. Bc3 Bb6 32. c5 Bc7 33. c6 Bd8
34. cxd7 Qxd7 35. Bb2 Rcb8 36. Ba4 Qe7 37. Ba3 Nd5 38. Bc6 Ra7 39. Bxd5 exd5
40. Qxd5 Bc7 41. Rab1 Rd8 42. Rb7 Rxb7 43. Qxb7 Rd7 44. Qxa6 Qe6 45. Qc8+ Kg7
46. Rxc7 Rxc7 47. Qxc7 d5 48. Qe5+ 1-0

[Event "XVI Weekend A"]
[Site "Porto Sant'Elpidio ITA"]
[Date "2013.11.16"]
[Round "1"]
[White "Ljubisavljevic, Zivojin Z."]
[Black "Guglielmi, Dante"]
[WhiteElo "2209"]
[BlackElo "1910"]
[Result "1/2-1/2"]
[PlyCount "75"]
[EventDate "2013.11.16"]

1. d4 d5 2. c3 Nf6 3. Bf4 e6 4. e3 Be7 5. Nd2 Nbd7 6. Bd3 c5 7. g4 c4 8. Bc2 b5
9. g5 Ng8 10. h4 b4 11. e4 bxc3 12. bxc3 Qa5 13. exd5 exd5 14. Qf3 Nb6 15. Ne2
Bd7 16. Kf1 Ba4 17. Bxa4+ Qxa4 18. Kg2 Qc6 19. Ng3 Rc8 20. Rae1 Kf8 21. h5 Bd6
22. Nf5 Bxf4 23. Qxf4 Qc7 24. Qf3 Qd8 25. Qg3 Qc7 26. Qg4 Na4 27. Rh3 Qd7 28.
Qf4 Nb2 29. h6 gxh6 30. gxh6 Nf6 31. Re7 Rg8+ 32. Rg3 Rxg3+ 33. fxg3 Nd3 34.
Qg5 Qxe7 35. Nxe7 Kxe7 36. Nf3 Rg8 37. Qe3+ Ne4 38. Kh3 1/2-1/2

[Event "XVI Weekend A"]
[Site "Porto Sant'Elpidio ITA"]
[Date "2013.11.16"]
[Round "1"]
[White "Marvulli, Dario"]
[Black "Foglia, Maurizio"]
[WhiteElo "1889"]
[BlackElo "2120"]
[Result "0-1"]
[PlyCount "82"]
[EventDate "2013.11.16"]

1. e4 Nf6 2. e5 Nd5 3. d4 d6 4. c4 Nb6 5. exd6 exd6 6. Nc3 Nc6 7. Be3 Be7 8.
Be2 O-O 9. Nf3 Bg4 10. b3 Re8 11. O-O Bf6 12. Rc1 d5 13. c5 Nc8 14. Ne5 Bxe2
15. Nxc6 bxc6 16. Nxe2 Ne7 17. Ng3 g6 18. Qf3 Bg7 19. h4 Rb8 20. Rfe1 Qd7 21.
Rcd1 f5 22. h5 Kf7 23. Bg5 Ng8 24. Ne2 Re4 25. hxg6+ hxg6 26. Be3 Rbe8 27. Nf4
Bh6 28. Nd3 Bxe3 29. fxe3 Kg7 30. Ne5 Qe6 31. Qf1 Nf6 32. Qa6 Ng4 33. Nxg4 Rxg4
34. Qxa7 Qe7 35. Qa6 Qg5 36. Qe2 Rh8 37. Qf3 Rg3 38. Qf1 Rh4 39. Qf2 Rhg4 40.
Re2 Qh5 41. Kf1 Rxg2 0-1

[Event "XVI Weekend A"]
[Site "Porto Sant'Elpidio ITA"]
[Date "2013.11.16"]
[Round "1"]
[White "Perogio, Lorenzo"]
[Black "Rinaudo, Sergio"]
[WhiteElo "1854"]
[BlackElo "2116"]
[Result "0-1"]
[PlyCount "62"]
[EventDate "2013.11.16"]

1. e4 e5 2. d4 exd4 3. Qxd4 Nc6 4. Qe3 Nf6 5. Nc3 Bb4 6. Bd2 O-O 7. O-O-O Re8
8. Bc4 d6 9. Nh3 a5 10. f3 Ne5 11. Be2 Be6 12. a3 Bc5 13. Qg5 Nc4 14. Bxc4 Bxc4
15. Kb1 b5 16. b3 Be6 17. Nxb5 c6 18. e5 dxe5 19. Bb4 Qb8 20. Bxc5 Qxb5 21. Bd6
a4 22. Qxe5 Bd5 23. Qd4 axb3 24. c3 Re2 25. Rd2 c5 26. Qf4 Rxd2 27. Qxd2 Rxa3
28. Nf4 Qa5 29. Qb2 Ra2 30. Nxd5 Rxb2+ 31. Kxb2 Qa2+ 0-1

[Event "XVI Weekend A"]
[Site "Porto Sant'Elpidio ITA"]
[Date "2013.11.16"]
[Round "1"]
[White "Piergentili, Roberto"]
[Black "Balzano, Filli"]
[WhiteElo "1762"]
[BlackElo "1944"]
[Result "1-0"]
[PlyCount "77"]
[EventDate "2013.11.16"]

1. d4 d5 2. c4 c6 3. Nc3 Nf6 4. Nf3 dxc4 5. e4 b5 6. e5 Nd5 7. a4 Nxc3 8. bxc3
e6 9. axb5 cxb5 10. Ng5 Bb7 11. Qh5 g6 12. Qg4 Be7 13. Be2 Bd5 14. Ne4 Nd7 15.
O-O f5 16. exf6 Nxf6 17. Nxf6+ Bxf6 18. Bh6 Kf7 19. Ra6 Re8 20. Rfa1 Bb7 21.
Rxa7 Rxa7 22. Rxa7 Qb6 23. Ra1 Bd5 24. Qf4 e5 25. dxe5 Rxe5 26. Bf3 Bxf3 27.
Qxf3 Rf5 28. Qg3 Be5 29. Be3 Qd6 30. Qh3 h5 31. g4 Rf6 32. gxh5 gxh5 33. Qxh5+
Rg6+ 34. Kh1 Qc6+ 35. f3 Bc7 36. Qh7+ Rg7 37. Qf5+ Kg8 38. Bc5 Rf7 39. Rg1+ 1-0

[Event "XVI Weekend A"]
[Site "Porto Sant'Elpidio ITA"]
[Date "2013.11.16"]
[Round "1"]
[White "Sagripanti, Michele"]
[Black "Fratini, Mauro"]
[WhiteElo "2120"]
[BlackElo "1880"]
[Result "1-0"]
[PlyCount "61"]
[EventDate "2013.11.16"]

1. e4 e6 2. d4 d5 3. Nd2 dxe4 4. Nxe4 Nf6 5. Nxf6+ Qxf6 6. Nf3 h6 7. Bd3 c5 8.
dxc5 Bxc5 9. O-O Bd7 10. Qe2 Bd6 11. Be3 Nc6 12. Rad1 Qe7 13. Rd2 Nb4 14. Rfd1
Nd5 15. Be4 Bc6 16. c4 Nxe3 17. Qxe3 Bc5 18. Bxc6+ bxc6 19. Qe4 O-O 20. Qxc6
Rfc8 21. Qe4 Bb6 22. h3 a5 23. Ne5 f5 24. Qe2 Qg5 25. Nd7 Rc6 26. Nxb6 Rxb6 27.
Rd6 Rxd6 28. Rxd6 e5 29. Qxe5 Qc1+ 30. Kh2 Qxc4 31. Rd7 1-0

[Event "XVI Weekend A"]
[Site "Porto Sant'Elpidio ITA"]
[Date "2013.11.16"]
[Round "1"]
[White "Viviani, Alessio"]
[Black "Padovani, Alessio"]
[WhiteElo "2084"]
[BlackElo "1849"]
[Result "1-0"]
[PlyCount "63"]
[EventDate "2013.11.16"]

1. e4 e5 2. Nf3 f5 3. Nxe5 Qf6 4. d4 d6 5. Nd3 fxe4 6. Nf4 c6 7. d5 g6 8. Nc3
Qe7 9. g4 Bg7 10. Bd2 Nh6 11. h3 O-O 12. Bc4 c5 13. Ne6 Bxe6 14. dxe6 Kh8 15.
Nxe4 Ng8 16. Bg5 Nf6 17. Qxd6 Qxd6 18. Nxd6 Nc6 19. O-O-O h6 20. Be3 b6 21.
Nf7+ Kh7 22. g5 hxg5 23. Nxg5+ Kh8 24. Nf7+ Kh7 25. h4 Rae8 26. Rdg1 Ne7 27. h5
Nxh5 28. Rxh5+ gxh5 29. Bd3+ Kg8 30. Bh6 Rxf7 31. exf7+ Kxf7 32. Rxg7+ 1-0

[Event "XVI Weekend A"]
[Site "Porto Sant'Elpidio ITA"]
[Date "2013.11.17"]
[Round "2"]
[White "Balzano, Filli"]
[Black "Ljubisavljevic, Zivojin Z."]
[WhiteElo "1944"]
[BlackElo "2209"]
[Result "0-1"]
[PlyCount "150"]
[EventDate "2013.11.16"]

1. e4 g6 2. d4 Bg7 3. Nf3 d6 4. Nc3 Bg4 5. Be2 Nc6 6. Be3 e5 7. dxe5 Bxf3 8.
Bxf3 Nxe5 9. Be2 Ne7 10. O-O O-O 11. Qd2 N5c6 12. Nd5 Nxd5 13. exd5 Ne7 14. Bd4
Bxd4 15. Qxd4 Nf5 16. Qf4 Qh4 17. Qxh4 Nxh4 18. g3 Nf5 19. Bg4 Ng7 20. Rfe1
Rfe8 21. Bd7 Rxe1+ 22. Rxe1 Rd8 23. Bh3 Kf8 24. Kf1 f5 25. Re3 a5 26. Ke2 Nh5
27. Kd2 Nf6 28. c4 Ne4+ 29. Ke2 h5 30. Bg2 Nc5 31. h4 Kf7 32. Kd2 Rb8 33. b3 b5
34. cxb5 Rxb5 35. Kc3 Nd7 36. Bf1 Rb8 37. Bc4 Ne5 38. Be2 Nd7 39. Bc4 Rb4 40.
a3 Rb8 41. a4 Nf6 42. f3 Rg8 43. f4 Ng4 44. Re2 Rb8 45. Bb5 Nf6 46. Kd4 Ne4 47.
Re3 Nc5 48. Kc4 Ne4 49. Kd4 Kf6 50. Kc4 Ke7 51. Kd4 Kd8 52. Kc4 Rb6 53. Kd4 Kc8
54. Kc4 Kb7 55. Kd4 Ka7 56. Kc4 Rb8 57. Kd4 Kb6 58. Kc4 c5 59. dxc6 Kc7 60. Kd5
Re8 61. Kd4 Re7 62. Re2 d5 63. Re3 Kd6 64. Rd3 Nc5 65. Re3 Rxe3 66. Kxe3 Nxb3
67. Kd3 Nc5+ 68. Kd4 Ne6+ 69. Kd3 Kc5 70. Ba6 Kxc6 71. Bc8 Kd6 72. Bxe6 Kxe6
73. Ke3 Kd6 74. Kd4 Kc6 75. Kd3 Kc5 0-1

[Event "XVI Weekend A"]
[Site "Porto Sant'Elpidio ITA"]
[Date "2013.11.17"]
[Round "2"]
[White "Foglia, Maurizio"]
[Black "Viviani, Alessio"]
[WhiteElo "2120"]
[BlackElo "2084"]
[Result "1/2-1/2"]
[PlyCount "37"]
[EventDate "2013.11.16"]

1. c4 c5 2. g3 Nc6 3. Bg2 g6 4. Nc3 Bg7 5. e4 Nf6 6. Nge2 O-O 7. O-O Ne8 8. d3
Nc7 9. f4 Rb8 10. Be3 d6 11. d4 cxd4 12. Nxd4 Ne6 13. Nde2 Nc5 14. Qd2 Na5 15.
b3 Naxb3 16. axb3 Nxb3 17. Qd3 Nxa1 18. Rxa1 a6 19. Rb1 1/2-1/2

[Event "XVI Weekend A"]
[Site "Porto Sant'Elpidio ITA"]
[Date "2013.11.17"]
[Round "2"]
[White "Fratini, Mauro"]
[Black "Giobbi, Costantino"]
[WhiteElo "1880"]
[BlackElo "1846"]
[Result "0-1"]
[PlyCount "84"]
[EventDate "2013.11.16"]

1. Nf3 c5 2. g3 Nf6 3. Bg2 g6 4. d3 Bg7 5. O-O O-O 6. Nbd2 d5 7. Rb1 Nc6 8. b3
Qc7 9. Bb2 b5 10. c4 bxc4 11. bxc4 d4 12. Ba3 Nd7 13. Nb3 Qd6 14. Nfd2 f5 15.
Na5 Nxa5 16. Bxa8 Nb6 17. Bg2 Bd7 18. Qe1 Na4 19. Nb3 Nxb3 20. axb3 Nc3 21. Rb2
a5 22. Qa1 Rb8 23. Re1 h5 24. Qc1 Kh7 25. Qd2 Be5 26. Rc2 Rxb3 27. Ra1 a4 28.
Bc1 Bg7 29. Rb2 Qb6 30. Bf3 e5 31. e4 fxe4 32. Bxe4 Nxe4 33. dxe4 Bc6 34. Rxb3
Qxb3 35. Ra3 Qxc4 36. f3 Bb5 37. Qe1 Qb4 38. Qd1 c4 39. g4 Qb1 40. gxh5 Bh6 41.
hxg6+ Kg8 42. f4 Bxf4 0-1

[Event "XVI Weekend A"]
[Site "Porto Sant'Elpidio ITA"]
[Date "2013.11.17"]
[Round "2"]
[White "Guglielmi, Dante"]
[Black "Piergentili, Roberto"]
[WhiteElo "1910"]
[BlackElo "1762"]
[Result "1-0"]
[PlyCount "84"]
[EventDate "2013.11.16"]

1. c4 e5 2. Nc3 Nf6 3. g3 d5 4. cxd5 Nxd5 5. Bg2 Nb6 6. Nf3 Nc6 7. O-O Be7 8.
a3 O-O 9. b4 Be6 10. Rb1 f6 11. Qc2 Qd7 12. Ne4 Rab8 13. d3 Rfd8 14. Nc5 Bxc5
15. Qxc5 Nd4 16. Nxd4 exd4 17. Bf4 Na4 18. Qxc7 Qe8 19. Bxb7 Nc3 20. Rb2 Bh3
21. Re1 g5 22. Bd6 Nb5 23. Bc6 Nxc7 24. Bxe8 Nxe8 25. Bxb8 Rxb8 26. Rc2 Kf7 27.
Rc4 Rd8 28. Rec1 Be6 29. Rc5 h5 30. b5 Rd7 31. a4 Ke7 32. a5 Rb7 33. Rb1 Nd6
34. Rb4 Bd7 35. b6 axb6 36. axb6 Nc8 37. Rxd4 Rxb6 38. h4 Rb1+ 39. Kg2 Rb2 40.
hxg5 fxg5 41. Rxg5 Ke6 42. e4 Rb1 1-0

[Event "XVI Weekend A"]
[Site "Porto Sant'Elpidio ITA"]
[Date "2013.11.17"]
[Round "2"]
[White "Padovani, Alessio"]
[Black "Marvulli, Dario"]
[WhiteElo "1849"]
[BlackElo "1889"]
[Result "0-1"]
[PlyCount "78"]
[EventDate "2013.11.16"]

1. e4 e5 2. Nf3 Nc6 3. Bc4 Nf6 4. Nc3 Bc5 5. O-O d6 6. h3 Be6 7. Bb3 O-O 8. d3
h6 9. Na4 Bb6 10. Nxb6 axb6 11. Be3 d5 12. exd5 Nxd5 13. Bd2 Qf6 14. Nh2 Qg6
15. Kh1 Nd4 16. Qe1 Nxb3 17. axb3 Rxa1 18. Qxa1 Nf4 19. Bxf4 exf4 20. Qa4 Bd5
21. f3 Qg3 22. Qd7 Bc6 23. Qxc7 Re8 24. Qxb6 Re2 25. Rg1 Rxc2 26. Qd8+ Kh7 27.
Qd4 h5 28. Qe5 g6 29. d4 Bd7 30. Qe7 Be6 31. Nf1 Qf2 32. Qf6 Rc1 33. Qxf4 Rxf1
34. Rxf1 Qxf1+ 35. Kh2 Qb5 36. Qd2 Qxb3 37. g4 Qxf3 38. gxh5 Qxh3+ 39. Kg1 Qg3+
0-1

[Event "XVI Weekend A"]
[Site "Porto Sant'Elpidio ITA"]
[Date "2013.11.17"]
[Round "2"]
[White "Rinaudo, Andrea"]
[Black "Sagripanti, Michele"]
[WhiteElo "2079"]
[BlackElo "2120"]
[Result "1/2-1/2"]
[PlyCount "83"]
[EventDate "2013.11.16"]

1. e4 g6 2. Nf3 Bg7 3. g3 c5 4. Bg2 Nc6 5. O-O d6 6. c3 Bg4 7. h3 Bxf3 8. Bxf3
h5 9. d3 Qd7 10. Bg2 Nh6 11. Be3 e5 12. Nd2 O-O-O 13. b4 f5 14. b5 Ne7 15. Qa4
Kb8 16. d4 exd4 17. cxd4 Nc8 18. dxc5 dxc5 19. Rac1 Nb6 20. Qa5 Qd3 21. Bf4+
Ka8 22. exf5 Nxf5 23. Bc7 Qxd2 24. Bxb6 Qxa5 25. Bxa5 Rc8 26. Rfe1 Bd4 27. g4
hxg4 28. hxg4 Nh4 29. Re7 Nxg2 30. Kxg2 Rhf8 31. f3 Rfe8 32. Re4 Rxe4 33. fxe4
b6 34. Bc3 Bxc3 35. Rxc3 Rd8 36. Kf3 g5 37. a4 Kb7 38. e5 Rd4 39. Re3 Kc7 40.
e6 Kd8 41. a5 bxa5 42. Re5 1/2-1/2

[Event "XVI Weekend A"]
[Site "Porto Sant'Elpidio ITA"]
[Date "2013.11.17"]
[Round "2"]
[White "Rinaudo, Claudio"]
[Black "Perogio, Lorenzo"]
[WhiteElo "1790"]
[BlackElo "1854"]
[Result "1/2-1/2"]
[PlyCount "86"]
[EventDate "2013.11.16"]

1. d4 d6 2. Nf3 Nf6 3. Nbd2 c6 4. e4 Bg4 5. Be2 e6 6. c3 d5 7. e5 Nfd7 8. O-O
Be7 9. Re1 c5 10. Nf1 Nc6 11. h3 Bxf3 12. Bxf3 Qb6 13. dxc5 Bxc5 14. Qe2 Ncxe5
15. Bxd5 exd5 16. b4 Be7 17. Be3 Qd8 18. Bd4 f6 19. f4 Nc6 20. Qh5+ g6 21. Qh6
Kf7 22. f5 Nde5 23. Rad1 Qf8 24. Qf4 Nxd4 25. Rxd4 Rd8 26. fxg6+ Nxg6 27. Qf5
Kg7 28. Ng3 Kf7 29. Qe6+ Ke8 30. Nf5 Ne5 31. Rxd5 Rxd5 32. Qxd5 Qf7 33. Qb5+
Kf8 34. Kh1 Qe6 35. Nd4 Qb6 36. Qd5 Ke8 37. Re3 h5 38. Rg3 Qd6 39. Qb5+ Nc6 40.
Re3 Kf7 41. Qc4+ Kf8 42. Ne6+ Ke8 43. Ng7+ Kf8 1/2-1/2

[Event "XVI Weekend A"]
[Site "Porto Sant'Elpidio ITA"]
[Date "2013.11.17"]
[Round "2"]
[White "Rinaudo, Sergio"]
[Black "Iori, Massimiliano"]
[WhiteElo "2116"]
[BlackElo "1984"]
[Result "1-0"]
[PlyCount "91"]
[EventDate "2013.11.16"]

1. d4 d5 2. Nf3 Nf6 3. c4 c6 4. e3 e6 5. Nc3 Bd6 6. Bd3 Nbd7 7. O-O O-O 8. e4
dxe4 9. Nxe4 Nxe4 10. Bxe4 Be7 11. Bc2 Bf6 12. Qd3 g6 13. Bh6 Re8 14. Rad1 c5
15. Qe4 cxd4 16. Nxd4 a6 17. b4 Qc7 18. Bb3 Qe5 19. Qf3 Bg5 20. Rfe1 Qf6 21.
Bxg5 Qxg5 22. Ba4 Rd8 23. Nb3 Nb6 24. Nc5 Nxa4 25. Nxa4 Bd7 26. Rxd7 Rxd7 27.
Nb6 Rad8 28. Nxd7 Rxd7 29. Rd1 Qd8 30. Rxd7 Qxd7 31. h3 Kf8 32. Qb3 Ke7 33. c5
Qd2 34. Kf1 Kd7 35. a4 h5 36. g3 f5 37. Qc4 g5 38. b5 g4 39. c6+ bxc6 40. Qxc6+
Ke7 41. hxg4 axb5 42. gxf5 Qd1+ 43. Kg2 bxa4 44. Qxe6+ Kf8 45. f6 Qg4 46. Qe7+
1-0

[Event "XVI Weekend A"]
[Site "Porto Sant'Elpidio ITA"]
[Date "2013.11.17"]
[Round "3"]
[White "Balzano, Filli"]
[Black "Padovani, Alessio"]
[WhiteElo "1944"]
[BlackElo "1849"]
[Result "1-0"]
[PlyCount "101"]
[EventDate "2013.11.16"]

1. e4 e5 2. Nf3 f5 3. Nxe5 Qf6 4. d4 d6 5. Nc4 fxe4 6. Nc3 Qg6 7. Ne3 Nf6 8.
Be2 h5 9. f3 Nc6 10. fxe4 Be7 11. Bf3 Bd7 12. Ned5 Bd8 13. Be3 Ng4 14. Bg1 O-O
15. Qe2 Bh4+ 16. Kd1 Rac8 17. Kc1 a6 18. b3 Rfe8 19. Kb2 b5 20. Nf4 Qf7 21. g3
b4 22. Ncd5 Bd8 23. h3 Nf6 24. Nxf6+ Bxf6 25. Bxh5 Qe7 26. Qc4+ Kh7 27. Bg6+
Kh8 28. Bxe8 Qxe8 29. Re1 Ne7 30. Qe2 Kg8 31. Nh5 Bg5 32. Nf4 Bf6 33. e5 dxe5
34. dxe5 Bg5 35. Qh5 Qxh5 36. Nxh5 Bd2 37. Bc5 Nf5 38. Rd1 Bc3+ 39. Kb1 Bc6 40.
Rhf1 Nh6 41. Bd4 Bg2 42. Rf2 Bxh3 43. Bxc3 bxc3 44. Rd3 Ng4 45. Rf4 Nxe5 46.
Rxc3 Bg4 47. Re3 Bxh5 48. Rxe5 Bf7 49. Re7 Bg6 50. Rd4 Kh8 51. Rdd7 1-0

[Event "XVI Weekend A"]
[Site "Porto Sant'Elpidio ITA"]
[Date "2013.11.17"]
[Round "3"]
[White "Iori, Massimiliano"]
[Black "Guglielmi, Dante"]
[WhiteElo "1984"]
[BlackElo "1910"]
[Result "1-0"]
[PlyCount "145"]
[EventDate "2013.11.16"]

1. d4 d5 2. Nf3 Nf6 3. Bf4 c5 4. c3 Qb6 5. Qb3 c4 6. Qc2 Nc6 7. Nbd2 Bg4 8. h3
Bh5 9. b3 Bg6 10. Qb2 h6 11. e3 e6 12. Be2 Be7 13. O-O O-O 14. b4 Rac8 15. Rfc1
Ne4 16. Nxe4 Bxe4 17. Nd2 Bg6 18. a3 Rfd8 19. Bd1 Bd6 20. Bxd6 Rxd6 21. f4 f6
22. Bc2 Bxc2 23. Qxc2 e5 24. fxe5 fxe5 25. Rf1 e4 26. Rf2 Qd8 27. Qd1 Rf6 28.
Qe2 Rxf2 29. Qxf2 Qf8 30. Qg3 Qe7 31. Rf1 Rf8 32. Qg4 Rf7 33. Qc8+ Qd8 34. Qe6
Qd7 35. Qg6 Qe8 36. Qg4 Qd7 37. Qh5 Nd8 38. Qe5 Nc6 39. Qh5 Nd8 40. a4 Nc6 41.
a5 a6 42. Rxf7 Qxf7 43. Qg4 Qc7 44. Nf1 Qf7 45. Ng3 Ne7 46. Qd7 Nc6 47. Qc8+
Kh7 48. Ne2 g5 49. Ng3 Kg6 50. Qg4 Ne7 51. h4 Kf6 52. hxg5+ hxg5 53. Qd7 Nc6
54. Qf5+ Kg7 55. Qxg5+ Qg6 56. Nf5+ Kf7 57. Qf4 Qf6 58. Nd6+ Ke6 59. Qxf6+ Kxf6
60. Nxb7 Kf5 61. Nc5 Nb8 62. g3 Kg5 63. Ne6+ Kg4 64. Nc7 Kxg3 65. Nxd5 Kf3 66.
Kf1 Nc6 67. Ke1 Nd8 68. Kd2 Nc6 69. Nb6 Nxb4 70. cxb4 c3+ 71. Kxc3 Kxe3 72.
Nd5+ Kf3 73. Kc4 1-0

[Event "XVI Weekend A"]
[Site "Porto Sant'Elpidio ITA"]
[Date "2013.11.17"]
[Round "3"]
[White "Ljubisavljevic, Zivojin Z."]
[Black "Rinaudo, Sergio"]
[WhiteElo "2209"]
[BlackElo "2116"]
[Result "1/2-1/2"]
[PlyCount "70"]
[EventDate "2013.11.16"]

1. e4 e5 2. Nf3 Nf6 3. Nc3 Bb4 4. d3 d5 5. exd5 Nxd5 6. Bd2 Nc6 7. Be2 O-O 8.
O-O Nxc3 9. bxc3 Ba5 10. c4 Bxd2 11. Nxd2 Nd4 12. Nb3 Bf5 13. Bf3 c6 14. Rb1
Rb8 15. Re1 Re8 16. Nxd4 Qxd4 17. Be4 Bxe4 18. Rxe4 Qc5 19. Qh5 Re6 20. h3 b6
21. Rbe1 Rbe8 22. Qe2 Qa5 23. Qd1 Qxa2 24. Qa1 Qxc2 25. Qa3 Rd8 26. Qxa7 Qxd3
27. Qxb6 Rde8 28. f4 f5 29. Rxe5 Rxe5 30. Rxe5 Rxe5 31. fxe5 Qxc4 32. Qd8+ Kf7
33. Qd7+ Kg6 34. Qd6+ Kf7 35. Qd7+ Kg6 1/2-1/2

[Event "XVI Weekend A"]
[Site "Porto Sant'Elpidio ITA"]
[Date "2013.11.17"]
[Round "3"]
[White "Marvulli, Dario"]
[Black "Giobbi, Costantino"]
[WhiteElo "1889"]
[BlackElo "1846"]
[Result "1/2-1/2"]
[PlyCount "130"]
[EventDate "2013.11.16"]

1. e4 c5 2. Nc3 e6 3. f4 a6 4. Nf3 d5 5. d3 d4 6. Ne2 Nf6 7. g3 Be7 8. Bg2 Nc6
9. b3 Qc7 10. Bb2 b5 11. a3 Rb8 12. c3 Ng4 13. Qd2 Na5 14. Nc1 O-O 15. cxd4 c4
16. b4 Nc6 17. O-O Rd8 18. h3 Nf6 19. Ne2 Qb6 20. Kh1 a5 21. Ne5 axb4 22. Nxc6
Qxc6 23. axb4 cxd3 24. Qxd3 Bxb4 25. d5 exd5 26. exd5 Qc4 27. Qxc4 bxc4 28.
Rfc1 Nxd5 29. Be5 Bd6 30. Bxd6 Rxd6 31. Rd1 Be6 32. f5 Bxf5 33. Rxd5 Rxd5 34.
Bxd5 Bxh3 35. Bxc4 Bf5 36. Ra7 Be6 37. Bxe6 fxe6 38. Re7 Rb2 39. Nf4 Kf8 40.
Rxe6 Kf7 41. Rc6 h6 42. Kg1 Kg8 43. Rc8+ Kf7 44. Rc7+ Kg8 45. Ne6 g5 46. Rg7+
Kh8 47. Rf7 Rb6 48. Rf6 Rb1+ 49. Kg2 Kh7 50. Nd4 Kg7 51. Rd6 h5 52. Rd5 Kf6 53.
Nf3 Rb2+ 54. Kf1 Rb1+ 55. Kf2 Rb2+ 56. Ke3 Rb3+ 57. Ke4 g4 58. Nd4 Rxg3 59.
Rxh5 Ra3 60. Rf5+ Kg6 61. Rf4 g3 62. Rg4+ Kf6 63. Kf4 Kf7 64. Kg5 Ra5+ 65. Kh4
Ra6 1/2-1/2

[Event "XVI Weekend A"]
[Site "Porto Sant'Elpidio ITA"]
[Date "2013.11.17"]
[Round "3"]
[White "Perogio, Lorenzo"]
[Black "Fratini, Mauro"]
[WhiteElo "1854"]
[BlackElo "1880"]
[Result "0-1"]
[PlyCount "78"]
[EventDate "2013.11.16"]

1. e4 e6 2. d3 d5 3. Qe2 d4 4. f4 Nc6 5. Nf3 b6 6. g3 Bb7 7. Bh3 Be7 8. O-O Nf6
9. Na3 Bc5 10. Kh1 Qe7 11. Nc4 O-O 12. a3 a5 13. Nce5 b5 14. Nxc6 Bxc6 15. Ne5
Bb7 16. Bg2 Bb6 17. g4 Nd7 18. Nf3 c5 19. f5 c4 20. Bg5 f6 21. Bf4 cxd3 22.
cxd3 b4 23. Nh4 e5 24. Bd2 Rfc8 25. g5 Rc2 26. gxf6 Nxf6 27. axb4 axb4 28.
Rxa8+ Bxa8 29. Rc1 Qc5 30. Qd1 b3 31. Nf3 Ng4 32. Kg1 Bxe4 33. Ne1 Ne3 34. Rxc2
bxc2 35. Qa1 Bxg2 36. Nxg2 h6 37. Nh4 Qc6 38. Qa2+ Kh7 39. Bc1 Bd8 0-1

[Event "XVI Weekend A"]
[Site "Porto Sant'Elpidio ITA"]
[Date "2013.11.17"]
[Round "3"]
[White "Piergentili, Roberto"]
[Black "Rinaudo, Claudio"]
[WhiteElo "1762"]
[BlackElo "1790"]
[Result "0-1"]
[PlyCount "126"]
[EventDate "2013.11.16"]

1. d4 Nf6 2. c4 e6 3. Nc3 d5 4. cxd5 exd5 5. Bg5 Be7 6. Qc2 O-O 7. e3 c5 8.
dxc5 Bxc5 9. Bxf6 Qxf6 10. Nxd5 Qc6 11. Nc3 Bg4 12. Qe4 Qxe4 13. Nxe4 Bb4+ 14.
Nc3 Rc8 15. Rc1 Nd7 16. Be2 Be6 17. a3 Ba5 18. Nf3 Rc7 19. Nd4 a6 20. Nxe6 fxe6
21. O-O Bxc3 22. bxc3 Rac8 23. Rfd1 Kf7 24. h3 Ke7 25. Rb1 Nc5 26. Rd4 h6 27.
h4 g6 28. a4 Rd8 29. a5 Rcd7 30. Bf3 e5 31. Rc4 Rc7 32. Rcb4 Rb8 33. Rb6 e4 34.
Be2 Rg8 35. Bc4 Rg7 36. Bd5 Kd8 37. Rd6+ Rgd7 38. Rbb6 Na4 39. Rxd7+ Rxd7 40.
Rb4 Rxd5 41. Rxa4 Kc7 42. Kf1 Rc5 43. Rxe4 Rxa5 44. Ke2 Kd7 45. Rd4+ Ke7 46.
Rb4 b5 47. c4 Ra2+ 48. Kf3 Ra4 49. Rb1 Rxc4 50. Ra1 Ra4 51. Rb1 Rxh4 52. e4 Rh5
53. Ra1 b4 54. Rxa6 Rb5 55. Ra1 Ke6 56. Ke3 b3 57. Rb1 b2 58. Kd3 Ke5 59. f3
Kf4 60. Kd4 g5 61. Kc3 g4 62. fxg4 Kxe4 63. g3 Kf3 0-1

[Event "XVI Weekend A"]
[Site "Porto Sant'Elpidio ITA"]
[Date "2013.11.17"]
[Round "3"]
[White "Sagripanti, Michele"]
[Black "Foglia, Maurizio"]
[WhiteElo "2120"]
[BlackElo "2120"]
[Result "1/2-1/2"]
[PlyCount "126"]
[EventDate "2013.11.16"]

1. e4 c5 2. c3 d5 3. exd5 Qxd5 4. d4 g6 5. Nf3 Nf6 6. Na3 cxd4 7. Nb5 Qd8 8.
Bf4 Na6 9. Qa4 Bd7 10. Ne5 Bg7 11. Qxd4 O-O 12. Nxd7 Nxd7 13. Qd2 Ne5 14. Qxd8
Rfxd8 15. Be3 Nc6 16. Be2 Rd7 17. O-O Nc7 18. Rfd1 Rxd1+ 19. Rxd1 Nxb5 20. Bxb5
Ne5 21. Be2 a6 22. f4 Nc6 23. Rd7 Rb8 24. Bf3 h5 25. Kf2 Bf6 26. Ke2 Na5 27.
Bb6 Nc4 28. Bc7 Re8 29. b3 Nd6 30. Bxd6 exd6+ 31. Kd3 b6 32. Rxd6 Re6 33. Rd7
Re7 34. Rxe7 Bxe7 35. f5 Kf8 36. fxg6 fxg6 37. Bb7 a5 38. Kc4 Ke8 39. Be4 Kf7
40. Kb5 Bf6 41. Kxb6 Bxc3 42. a3 g5 43. h3 Kf6 44. Kc5 Ke5 45. Bf3 h4 46. b4
axb4 47. axb4 Ke6 48. Bg4+ Ke7 49. b5 Kd8 50. Kc6 Be5 51. Kb7 Bf4 52. Bf5 Be5
53. Bg4 Bf4 54. b6 Be3 55. Bf5 Bd4 56. Bg4 Be3 57. Ka7 Bd4 58. Ka6 Be3 59. Kb5
Bd4 60. Kc6 Be3 61. b7 Ba7 62. Kd6 Bb8+ 63. Ke6 Bf4 1/2-1/2

[Event "XVI Weekend A"]
[Site "Porto Sant'Elpidio ITA"]
[Date "2013.11.17"]
[Round "3"]
[White "Viviani, Alessio"]
[Black "Rinaudo, Andrea"]
[WhiteElo "2084"]
[BlackElo "2079"]
[Result "1-0"]
[PlyCount "79"]
[EventDate "2013.11.16"]

1. e4 c5 2. Nf3 Nc6 3. d4 cxd4 4. Nxd4 e5 5. Nb5 d6 6. c4 Be7 7. N1c3 a6 8. Na3
f5 9. exf5 Bxf5 10. Bd3 Be6 11. Qh5+ Bf7 12. Qh3 Bg5 13. Bxg5 Qxg5 14. O-O Nf6
15. f4 Qh5 16. Qg3 O-O 17. Nc2 exf4 18. Rxf4 Qc5+ 19. Kh1 Nh5 20. Qh4 Bg6 21.
Rxf8+ Rxf8 22. Bxg6 hxg6 23. Nd5 Qf2 24. Qxf2 Rxf2 25. Nde3 Nf4 26. Kg1 Nd3 27.
Rd1 Nce5 28. Ne1 Re2 29. Nxd3 Rxe3 30. Nxe5 dxe5 31. Kf2 Re4 32. b3 b5 33. g3
bxc4 34. Kf3 Rd4 35. Rxd4 exd4 36. bxc4 Kf7 37. Ke4 Ke6 38. Kxd4 Kd6 39. c5+
Kc6 40. h4 1-0

[Event "XVI Weekend A"]
[Site "Porto Sant'Elpidio ITA"]
[Date "2013.11.23"]
[Round "4"]
[White "Foglia, Maurizio"]
[Black "Ljubisavljevic, Zivojin Z."]
[WhiteElo "2120"]
[BlackElo "2209"]
[Result "1/2-1/2"]
[PlyCount "22"]
[EventDate "2013.11.16"]

1. d4 d5 2. c4 e6 3. Nf3 c6 4. g3 Nf6 5. Qc2 Be7 6. Bg2 O-O 7. Nbd2 Qb6 8. O-O
Nbd7 9. e4 dxe4 10. Nxe4 Nxe4 11. Qxe4 Nf6 1/2-1/2